Aportes a la flora de Colombia: estudios en compuestas II (Registro nro. 14456)

Detalles MARC
000 -CABECERA
Campo de control 003080000a22001090004500
090 ## - CLASIFICACIÓN LOCAL
Colección AS
Consecutivo Seriadas
041 0# - IDIOMA
Código de idioma para texto/pista de sonido o título separado
100 1# - ASIENTO PRINCIPAL--NOMBRE PERSONAL
Nombre personal Díaz Piedrahita, Santiago
245 10 - MENCION DE TITULO
Título Aportes a la flora de Colombia: estudios en compuestas II
773 1# - Item fuente:
Título Caldasia
Especificación de materiales 45
Descripción física 53
Paginas del Articulo 19-25
Lugar, editorial y fecha de publicación 1975
Información sobre la relación 11
942 ## - ELEMENTOS ADICIONALES (KOHA)
Tipo de ítem Artículo

No hay ítems disponibles.